<?xml version="1.0" encoding="UTF-8"?>
<record
    xmlns:xsi="http://www.w3.org/2001/XMLSchema-instance"
    xsi:schemaLocation="http://www.loc.gov/MARC21/slim http://www.loc.gov/standards/marcxml/schema/MARC21slim.xsd"
    xmlns="http://www.loc.gov/MARC21/slim">

  <leader>02290nam a2200373 i 4500</leader>
  <controlfield tag="001">60739</controlfield>
  <controlfield tag="003">CO-BoRNBP</controlfield>
  <controlfield tag="005">20260317194616.0</controlfield>
  <controlfield tag="007">ta</controlfield>
  <controlfield tag="008">221102r20221996sp a 0 br   0    sf spa d</controlfield>
  <datafield tag="020" ind1=" " ind2=" ">
    <subfield code="a">9788420744032</subfield>
  </datafield>
  <datafield tag="040" ind1=" " ind2=" ">
    <subfield code="a">CO-BoRNBP</subfield>
    <subfield code="b">spa</subfield>
    <subfield code="e">rda</subfield>
    <subfield code="c">CO-BoRNBP</subfield>
  </datafield>
  <datafield tag="041" ind1="0" ind2=" ">
    <subfield code="a">spa</subfield>
  </datafield>
  <datafield tag="043" ind1=" " ind2=" ">
    <subfield code="a">s-ck---</subfield>
  </datafield>
  <datafield tag="084" ind1=" " ind2=" ">
    <subfield code="a">N</subfield>
  </datafield>
  <datafield tag="100" ind1="1" ind2=" ">
    <subfield code="a">D&#xED;az, Gloria Cecilia,</subfield>
    <subfield code="d">1951- ,</subfield>
    <subfield code="e">aut</subfield>
    <subfield code="9">46089</subfield>
  </datafield>
  <datafield tag="245" ind1="1" ind2="0">
    <subfield code="a">&#xD3;yeme con los ojos /</subfield>
    <subfield code="c">Gloria Cecilia D&#xED;az ; ilustraciones de Chata Lucini.</subfield>
  </datafield>
  <datafield tag="250" ind1=" " ind2=" ">
    <subfield code="a">Primera edici&#xF3;n.</subfield>
    <subfield code="b">Cuadrag&#xE9;sima segunda reimpresi&#xF3;n</subfield>
  </datafield>
  <datafield tag="264" ind1=" " ind2="1">
    <subfield code="a">Madrid, Espa&#xF1;a :</subfield>
    <subfield code="b">Grupo Anaya Editorial,</subfield>
    <subfield code="c">1996,</subfield>
    <subfield code="c">2022.</subfield>
  </datafield>
  <datafield tag="300" ind1=" " ind2=" ">
    <subfield code="a">83 p&#xE1;ginas :</subfield>
    <subfield code="b">ilustraciones en blanco y negro ;</subfield>
    <subfield code="c">20 cm.</subfield>
  </datafield>
  <datafield tag="336" ind1=" " ind2=" ">
    <subfield code="a">texto</subfield>
    <subfield code="b">txt</subfield>
    <subfield code="2">rdacontent</subfield>
  </datafield>
  <datafield tag="337" ind1=" " ind2=" ">
    <subfield code="a">sin mediaci&#xF3;n</subfield>
    <subfield code="b">n</subfield>
    <subfield code="2">rdamedia</subfield>
  </datafield>
  <datafield tag="338" ind1=" " ind2=" ">
    <subfield code="a">volumen</subfield>
    <subfield code="b">nc</subfield>
    <subfield code="2">rdacarrier</subfield>
  </datafield>
  <datafield tag="490" ind1="0" ind2=" ">
    <subfield code="a">Sopa de libros</subfield>
    <subfield code="v">54</subfield>
  </datafield>
  <datafield tag="500" ind1=" " ind2=" ">
    <subfield code="a">El material correspondiente a la dotaci&#xF3;n PNLB 2022, corresponde a la cuadrag&#xE9;simo segunda reimpresi&#xF3;n de 2022, de la primera edici&#xF3;n de 1996.</subfield>
  </datafield>
  <datafield tag="520" ind1="3" ind2=" ">
    <subfield code="a">Horacio es un ni&#xF1;o sordo, por una enfermedad que tuvo cuando era peque&#xF1;o: no puede o&#xED;r, pero oye con los ojos; y puede hablar con su voz &#xAB;oxidada&#xBB; o &#xAB;cautiva&#xBB;, o con las manos en el lenguaje de los sordos. Vive con sus padres y sus hermanos en un barrio de Bogot&#xE1; llamado El Jard&#xED;n del Pr&#xED;ncipe, en el que hay una casa diferente a las dem&#xE1;s. Como es muy curioso, se dedica a espiar la casa, y un d&#xED;a decide entrar. Mientras admira ciertos objetos, es descubierto por la due&#xF1;a. A Horacio le parece que Beatriz, la due&#xF1;a, tiene miedo de &#xE9;l. Beatriz no acepta los defectos de los dem&#xE1;s (Diana, una ahijada suya, tambi&#xE9;n es sorda). Beatriz tiene un accidente de coche y se queda impedida. Ahora ella tambi&#xE9;n necesita ayuda, y tiene que contratar a una persona, Ofelia, de quien Horacio no tarda en hacerse amigo. (Tomado de la fuente).</subfield>
  </datafield>
  <datafield tag="521" ind1="1" ind2=" ">
    <subfield code="a">Recomendado para un p&#xFA;blico infantil mayor de 8 a&#xF1;os.</subfield>
  </datafield>
  <datafield tag="650" ind1="1" ind2="7">
    <subfield code="a">Novela infantil colombiana</subfield>
    <subfield code="y">Siglo XX</subfield>
    <subfield code="2">rnbp</subfield>
    <subfield code="9">365</subfield>
  </datafield>
  <datafield tag="650" ind1="1" ind2="7">
    <subfield code="a">Literatura infantil colombiana</subfield>
    <subfield code="y">Siglo XX</subfield>
    <subfield code="2">rnbp</subfield>
    <subfield code="9">364</subfield>
  </datafield>
  <datafield tag="650" ind1="1" ind2="7">
    <subfield code="a">Sordomudos en la literatura</subfield>
    <subfield code="v">Novela</subfield>
    <subfield code="2">rnbp</subfield>
    <subfield code="9">69488</subfield>
  </datafield>
  <datafield tag="650" ind1="1" ind2="7">
    <subfield code="a">Ni&#xF1;os en la literatura</subfield>
    <subfield code="2">rnbp</subfield>
    <subfield code="v">Novela</subfield>
    <subfield code="9">69489</subfield>
  </datafield>
  <datafield tag="700" ind1="1" ind2=" ">
    <subfield code="a">Lucini, Chata,</subfield>
    <subfield code="e">ill</subfield>
    <subfield code="9">62646</subfield>
  </datafield>
  <datafield tag="942" ind1=" " ind2=" ">
    <subfield code="2">loc</subfield>
    <subfield code="c">BKLITI</subfield>
    <subfield code="n">0</subfield>
  </datafield>
  <datafield tag="999" ind1=" " ind2=" ">
    <subfield code="c">60739</subfield>
    <subfield code="d">60739</subfield>
  </datafield>
  <datafield tag="952" ind1=" " ind2=" ">
    <subfield code="0">0</subfield>
    <subfield code="1">0</subfield>
    <subfield code="2">ddc</subfield>
    <subfield code="4">0</subfield>
    <subfield code="7">0</subfield>
    <subfield code="a">MECASARI</subfield>
    <subfield code="b">MECASARI</subfield>
    <subfield code="d">2026-03-17</subfield>
    <subfield code="l">0</subfield>
    <subfield code="o">N</subfield>
    <subfield code="p">MDA100136</subfield>
    <subfield code="r">2026-03-17 19:47:33</subfield>
    <subfield code="t">Ej.1</subfield>
    <subfield code="w">2026-03-17</subfield>
    <subfield code="y">BKLITI</subfield>
  </datafield>
  <datafield tag="952" ind1=" " ind2=" ">
    <subfield code="0">0</subfield>
    <subfield code="1">0</subfield>
    <subfield code="2">ddc</subfield>
    <subfield code="4">0</subfield>
    <subfield code="7">0</subfield>
    <subfield code="a">MECASARI</subfield>
    <subfield code="b">MECASARI</subfield>
    <subfield code="d">2026-03-17</subfield>
    <subfield code="l">0</subfield>
    <subfield code="o">N</subfield>
    <subfield code="p">MDA100137</subfield>
    <subfield code="r">2026-03-17 20:24:39</subfield>
    <subfield code="t">Ej.1</subfield>
    <subfield code="w">2026-03-17</subfield>
    <subfield code="y">BKLITI</subfield>
  </datafield>
</record>
